Państwa, leżące nad Oceanem Indyjskim. - Statystyki

Ogólne statystyki
  • Ten quiz został rozwiązany 64 razy
  • Średni wynik to 28 z 36
Statystyki odpowiedzi
Kontynent/Kontynenty Odpowiedź % Poprawnych
Azja Oman
94%
Azja Indie
92%
Azja Arabia Saudyjska
91%
Azja Iran
89%
Azja Jemen
89%
Afryka Somalia
89%
Afryka Republika Południowej Afryki
87%
Azja/Australia i Oceania Indonezja
85%
Azja Irak
85%
Australia i Oceania Australia
83%
Afryka/Azja Egipt
83%
Azja Katar
83%
Afryka Kenia
83%
Afryka Madagaskar
83%
Azja Bangladesz
81%
Azja Kuwejt
81%
Azja Malezja
81%
Azja Sri Lanka
81%
Afryka Mozambik
79%
Afryka Tanzania
79%
Afryka Erytrea
77%
Azja Malediwy
77%
Azja Pakistan
77%
Afryka Seszele
77%
Afryka Dżibuti
75%
Azja Tajlandia
74%
Azja Zjednoczone Emiraty Arabskie
74%
Azja Bahrajn
72%
Afryka Komory
72%
Afryka Mauritius
72%
Azja Mjanma
72%
Afryka Sudan
68%
Azja Singapur
66%
Azja Izrael
58%
Azja Jordania
58%
Azja Timor Wschodni
47%
Nie znaleziono quizów pasujących do podanych kryteriów
Rozkład punktacji
Procent ludzi z każdym wynikiem
Percentyl według liczby udzielonych odpowiedzi
Twoja historia wyników
Nie rozwiązałeś tego quizu